[Event "Women's Speed Chess Q4"]
[Site "chess.com INT"]
[Date "2020.06.21"]
[Round "9"]
[White "Vantika, Agrawal"]
[Black "Cholleti, Sahajasri"]
[Result "1-0"]
[WhiteTitle "WIM"]
[BlackTitle "WIM"]
[WhiteElo "2286"]
[BlackElo "2235"]
[WhiteFideId "25050389"]
[BlackFideId "5045118"]
[EventDate "2020.06.21"]

1. d4 Nf6 2. c4 e6 3. g3 d5 4. Bg2 Be7 5. Nf3 O-O 6. O-O dxc4 7. Qc2 a6 8. a4
Bd7 9. Qxc4 Bc6 10. Bg5 Bd5 11. Qc2 Be4 12. Qc1 Nc6 13. e3 Nb4 14. Nc3 Bc6 15.
Rd1 Nbd5 16. Qc2 Nb4 17. Qe2 h6 18. Bxf6 Bxf6 19. e4 a5 20. Rac1 Qd7 21. b3 Rfd8
22. h4 Rac8 23. Bh3 Qe8 24. h5 Bd7 25. Qe3 c5 26. dxc5 Be7 27. Ne2 Na6 28. Ne5
Bxc5 29. Qf3 Qe7 30. Nf4 Be8 31. Nc4 b6 32. Nd3 Bd4 33. e5 Nc5 34. Nd6 Ra8 35.
Nxc5 bxc5 36. Nc4 Qg5 37. Bf1 Rdb8 38. Bd3 Rb4 39. Qxa8 Kf8 40. Qe4 Rxb3 41. Nd6
Rb8 42. Qg2 Bxe5 43. Nxe8 Rxe8 44. Rb1 Bd4 45. Rb5 Qf6 46. Re1 Rd8 47. Rd1 Bc3
48. Kf1 Bb4 49. Be2 Rxd1+ 50. Bxd1 Qd4 51. Qf3 Qd7 52. Qe2 Ke7 53. Kg2 Qd5+ 54.
Qf3 c4 55. Rb7+ Kd6 56. Qxd5+ exd5 57. Rxf7 c3 58. Rxg7 d4 59. Bc2 Kc5 60. Bd3
Ba3 61. Rg6 Kb4 62. Rxh6 Kxa4 63. Rb6 Bb4 64. h6 Kb3 65. h7 c2 66. Bxc2+ Kxc2
67. h8=Q d3 68. Qc8+ Kd2 69. Rc6 Kd1 70. Qf5 d2 71. Rc4 a4 72. Qb1+ Ke2 73. Re4# 1-0

[Event "Women's Speed Chess Q4"]
[Site "chess.com INT"]
[Date "2020.06.21"]
[Round "9"]
[White "Mohota, Nisha"]
[Black "Starosta, Martyna"]
[Result "1-0"]
[WhiteTitle "IM"]
[BlackTitle "WCM"]
[WhiteElo "2195"]
[BlackElo "2079"]
[WhiteFideId "5004330"]
[BlackFideId "21818754"]
[EventDate "2020.06.21"]

1. d4 Nf6 2. c4 g6 3. Nc3 Bg7 4. e4 d6 5. Bd3 O-O 6. Nge2 e5 7. O-O Nc6 8. d5
Ne7 9. Ng3 Nd7 10. Bc2 h6 11. Be3 f5 12. exf5 gxf5 13. f4 Qe8 14. fxe5 Nxe5 15.
Qe2 Ng4 16. Bd2 Qg6 17. Qxe7 Bd4+ 18. Kh1 Nf2+ 19. Rxf2 Bxf2 20. Bf4 Qg7 21.
Qxg7+ Kxg7 22. Nce2 Bd7 23. Rf1 Bxg3 24. Nxg3 Rae8 25. Kg1 b5 26. cxb5 Bxb5 27.
Nxf5+ Rxf5 28. Bxf5 Bxf1 29. Kxf1 Rb8 30. b3 Rb4 31. g3 Rd4 32. Be6 Rd1+ 33. Ke2
Ra1 34. a4 Rb1 35. Bd2 Rxb3 36. a5 Ra3 37. Kd1 Ra1+ 38. Kc2 Ra4 39. Bc3+ Kg6 40.
Kb3 Re4 41. a6 Re2 42. Bd4 Rxh2 43. Bxa7 Rg2 44. Be3 Rxg3 45. a7 Rxe3+ 46. Kb4
Re4+ 47. Kb5 Re1 48. a8=Q Rb1+ 49. Kc6 Rc1+ 50. Kd7 h5 51. Qg8+ Kf6 52. Qf7+ Kg5
53. Qf5+ Kh4 54. Qh3+ Kg5 55. Qf5+ Kh4 56. Bf7 Kg3 57. Bxh5 Rc3 58. Qg4+ Kf2 59.
Qe2+ Kg3 60. Qe1+ Kf4 61. Qxc3 Kg5 62. Qf3 Kh6 63. Qg4 Kh7 64. Qg6+ Kh8 65. Bg4
c5 66. Bf5 c4 67. Qh7# 1-0